সাধক রাজমোহন। বা: (Record no. 27695)
[ view plain ]
| 000 -LEADER | |
|---|---|
| fixed length control field | 01283nam a22002057a 4500 |
| 003 - CONTROL NUMBER IDENTIFIER | |
| control field | BDDh-ASL |
| 005 - DATE AND TIME OF LATEST TRANSACTION | |
| control field | 20231016062617.0 |
| 008 - FIXED-LENGTH DATA ELEMENTS--GENERAL INFORMATION | |
| fixed length control field | 201104s1917 b ||||| |||| 00| 0 b d |
| 040 ## - CATALOGING SOURCE | |
| Original cataloging agency | BDDh-ASL |
| Transcribing agency | BDDh-ASL |
| Modifying agency | BDDh-ASL |
| 041 ## - LANGUAGE CODE | |
| Language code of text/sound track or separate title | ben |
| 082 ## - DEWEY DECIMAL CLASSIFICATION NUMBER | |
| Classification number | 922.954 |
| Item number | AMS |
| 100 1# - MAIN ENTRY--PERSONAL NAME | |
| 9 (RLIN) | 5872 |
| Personal name | আম্বুলী, শ্রীকালীরচণ চক্রবত্র্তী |
| 245 10 - TITLE STATEMENT | |
| Title | সাধক রাজমোহন। বা: |
| Remainder of title | বিক্রমপুরের রাজমোহন আম্বুলী তর্কালঙ্কার মহাশয়ের জীবনী ও মালসী গান এবং কতিপয় সিদ্ধপুরুষ ও সাধক রাজমোহনের সমকালবত্র্তী বিক্রমপুরের প্রসিদ্ধ পণ্ডিতগণের সংক্ষিপ্ত পরিচয়। / |
| 246 ## - VARYING FORM OF TITLE | |
| Title proper/short title | Sadhak Rajmohon |
| 260 ## - PUBLICATION, DISTRIBUTION, ETC. | |
| Place of publication, distribution, etc. | ঢাকা: |
| Date of publication, distribution, etc. | ঢাকা সিটী লাইব্রেরী, |
| Name of publisher, distributor, etc. | ১৯১৭। |
| 300 ## - PHYSICAL DESCRIPTION | |
| Extent | ২৪৪ পৃষ্ঠা, : |
| Dimensions | ২০ সে.মি.। |
| 600 10 - SUBJECT ADDED ENTRY--PERSONAL NAME | |
| 9 (RLIN) | 5873 |
| Personal name | আম্বুলী, রাজমোহন |
| 650 #0 - SUBJECT ADDED ENTRY--TOPICAL TERM | |
| Topical term or geographic name entry element | biographical dictionary - চরিতাভিধান |
| 9 (RLIN) | 4665 |
| 942 ## - ADDED ENTRY ELEMENTS (KOHA) | |
| Source of classification or shelving scheme | Dewey Decimal Classification |
| Koha item type | Books |
| Withdrawn status | Lost status | Source of classification or shelving scheme | Damaged status | Not for loan | Collection code | Home library | Current library | Shelving location | Date acquired | Source of acquisition | Total Checkouts | Full call number | Barcode | Date last seen | Copy number | Price effective from | Koha item type | Public note |
|---|---|---|---|---|---|---|---|---|---|---|---|---|---|---|---|---|---|---|
| Dewey Decimal Classification | Not For Loan | Non-fiction | Asiatic Society Library | Asiatic Society Library | General Stacks | 11/08/2021 | ASB Library Collection | 922.954 AMS | 113867 | 11/08/2021 | C-1 | 11/08/2021 | Books | RARE |